00529nam a2200157Ia 4500003000900000008004100009020002200050040001600072080002300088100001900111245012000130260003700250300001700287490005100304650001600355IN-BaIIA211028s9999 xx 000 0 eng d a978-1-4020-2071-1 cIIA Library a52(082.1)bASS-303 aDorman, Lev I. 0aCosmic rays in the earth`s atmosphere and undergroundcLev I. Dorman  aDordrechtbKluwer Academicc2004 axxxii, 855p. aAstrophysics and space science library; v. 303 aCosmic rays